00230nam a2200097Ia 4500008004100000100002400041245002100065260002200086942000700108999001700115190216s9999||||xx |||||||||||||| ||und|| aKrishan Warrier N V 0aKristhu Darsanam bKerala Basha Inst cBK c37760d37760